00351cam a2200133ua 4500020001100000041001000011082002100021100001900042245006100061260006300122300001600185365001100201504000500212 c245.00 aengh a621.3813bRAJ/MI aRaju, G S N . aMicrowave engineering / cG S N Raju.hTextual Documents aNew Delhi : bI.K International Publishing House , c2008. a433 ; eCD. a245.00 a